Dutch Immigration by Country - Statistics

General Stats
  • This quiz has been taken 142 times
  • The average score is 12 of 15
Answer Stats
Population Country % Correct
97,614 United Kingdom
97%
345,746 Germany
96%
122,197 Belgium
93%
61,367 Italy
91%
209,278 Poland
90%
422,030 Turkey
89%
50,466 Spain
86%
81,735 China
82%
58,460 India
82%
414,186 Morocco
81%
352,266 Indonesia
80%
113,126 Syria
76%
358,266 Suriname
71%
66,216 Iraq
70%
51,830 Afghanistan
47%
No matching quizzes found
Score Distribution
Percent of People with Each Score
Percentile by Number Answered
Your Score History
You have not taken this quiz